000 00431nam a2200181Ia 4500
008 170705s9999 xx 000 0 und d
020 _a9780516240275
245 _aWhat is a wheel and axle? /
245 _cLloyd G. Douglas.
260 _aNew York :
260 _bScholastic,
260 _c2002
300 _a24 pages :
300 _bcolor illustration ;
300 _c19cm.
440 _aWelcome books.
500 _a290
999 _c335433
_d335433